载入...
Himsakkatheetham /
| 主要作者: | |
|---|---|
| 其他作者: | |
| 语言: | Undetermined |
| 出版: |
Kozhikode :
Mathrubhumi Books ,
2010.
|
| LEADER | 00568nam a2200169Ia 4500 | ||
|---|---|---|---|
| 001 | 191195 | ||
| 008 | 170722s9999 xx 000 0 und d | ||
| 020 | |a 9788182657434 | ||
| 100 | |a Krishnamurti, J. | ||
| 245 | |a Himsakkatheetham / | ||
| 260 | |a Kozhikode : |b Mathrubhumi Books , |c 2010. | ||
| 300 | |a 164 p. | ||
| 700 | |a Nair , M. T. N. | ||
| 923 | |d 20151214 |n 001058 | ||
| 942 | |c GEN | ||
| 999 | |c 154999 |d 154999 | ||
| 952 | |0 0 |1 0 |4 0 |6 RXM_95_000000000000000_32Q0 |7 0 |9 217789 |a LIB |b LIB |d 2016-01-14 |e Mathrubhumi Books |l 1 |o RxM95 32Q0 |p 300492 |r 2019-11-02 |s 2019-10-28 |v 115.00 |w 2017-08-12 |y GEN | ||